书目信息 |
| 题名: |
晚清四大奇案 下
|
|
| 作者: | 伍国庆 主编 | |
| 分册: | ||
| 出版信息: | 长沙 岳麓书社 1996.01 |
|
| 页数: | 749页 | |
| 开本: | 32开 | |
| 丛书名: | ||
| 单 册: | ||
| 中图分类: | I242.4 | |
| 科图分类: | ||
| 主题词: | 小说--中国 | |
| 电子资源: | ||
| ISBN: | 7-80520-633-3 | |
| 000 | 00518nam0 2200181 45 | |
| 001 | 0010242048 | |
| 005 | 20080401162228.28 | |
| 010 | @a7-80520-633-3@d24.90元 | |
| 100 | @a20001024d1996 km y0chiy0120 ea | |
| 101 | 0 | @achi |
| 200 | 1 | @a晚清四大奇案 下@AWan Qing Si Da Qi An Xia@f伍国庆主编@FWu Guo Qing Zhu Bian |
| 210 | @a长沙@c岳麓书社@d1996.01 | |
| 215 | @a749页@d32开 | |
| 606 | 0 | @a小说@x中国 |
| 690 | @aI242.4@v3 | |
| 701 | 0 | @a伍国庆@4主编 |
| 801 | @aCN@bPftUser@c20080401 | |
| 905 | @b187505-506@dI242.4@eW679:2@f2 | |
| 晚清四大奇案 下/伍国庆主编.-长沙:岳麓书社,1996.01 |
| 749页;32开 |
| ISBN 7-80520-633-3:24.90元 |
| ● |
| 相关链接 |
|
|
|
正题名:晚清四大奇案 下
索取号:I242.4/W679:2
 
预约/预借
| 序号 | 登录号 | 条形码 | 馆藏地/架位号 | 状态 | 备注 |
| 1 | 187505 | 201875051 | 文学库108/ [索取号:I242.4/W679:2] | 在馆 | |
| 2 | 187506 | 201875060 | 文学库108/ [索取号:I242.4/W679:2] | 在馆 | |
| 3 | 451247 | 204512474 | 社科二线400B/400B社科库 14排2列2层/ [索取号:I242.4/W679:2] | 在馆 |